| 000 | 00546nam a22001817a 4500 | ||
|---|---|---|---|
| 005 | 20171125131117.0 | ||
| 010 | _aENG-121622 | ||
| 020 |
_a978932599164 _c599.00 |
||
| 035 | _aEN-105154 | ||
| 037 | _bDBAD/PUB | ||
| 082 | _a000 | ||
| 245 |
_aS.Chand's quantitative aptitude : _bfor cometative examinations / |
||
| 260 |
_aNew Delhi _bS.Chand & Company _c2016 |
||
| 270 |
_a7361,Ram Nagar _bNew Delhi _e110055 |
||
| 300 |
_aVerious Pagings. : _c24cm(pbk) _bill. |
||
| 490 | _aExam Success Series | ||
| 942 |
_2ddc _cEN _h000 _mCHA |
||
| 999 |
_c147756 _d147756 |
||